000 00458nam a2200193Ia 4500
005 20250425161015.0
008 250425s9999 xx 000 0 und d
020 _a0881730068
041 _aeng
082 _a621.183
100 _aPAYNE, F. WILLIAM
245 0 _aEFFICIENT BOILER OPERATIONS SOURCEBOOK
250 _a2ND ED.
260 _aEstados Unidos
_bFAIRMONT PRESS
_c1986
260 _aS.L.
300 _a221
942 _c01
010 _a10451
999 _c200552
_d200552